LEADER 01418nam a2200337 i 4500 001 000000153508 003 CaOOAMICUS 005 20220621114831.0 008 060926s1965 it u000 u ita u 013 $a130851 040 $aSeMil$bita 100 0 $aPindarus,$d.$0(OLS)http://semarc/name/6172 245 10$aLirica corale greca /$cPindaro, Bacchilide, Simonide ; con testo a fronte versioni, introduzione e note di Bruno Gentili. 264 1$aParma :$bGuanda,$c1965. 300 $a168 p. ;$c19 cm. 490 1 $aPiccola Fenice ;$v22 541 0 $aFondo Ciprandi (1Y II 172) 650 4$aLetteratura greca antica.$0(OLS)http://semarc/subject/14002 650 4$aFilologia greca.$0(OLS)http://semarc/subject/52456 650 4$aFilologia classica.$0(OLS)http://semarc/subject/4152 700 1 $aGentili, Bruno ,$d<1914-2014>.$0(OLS)http://semarc/name/8032 700 0 $aSimonides.$0(OLS)http://semarc/name/60117 700 0 $aBacchylides.$0(OLS)http://semarc/name/60116 830 0$aPiccola Fenice ;$v22.$0(OLS)http://semarc/title/7908 850 $aSeMil 852 $aSeMil$W1$xVenegono$y1$m1X II 81$j237735$B105444$CSeMilBibl$Z2$F114648 $81 941 1 $a1 961 $aOmaggio: Ciprandi dott. Paolo 996 $6245$aLirica corale greca$9(OLS)http://semarc/title/224638 996 $6264$aParma :$bGuanda$9(OLS)http://semarc/publisher/31392 LEADER 01212nam a2200253 i 4500 001 000000215436 003 CaOOAMICUS 005 20240325143436.0 008 120823s1940 it u000 u ita u 013 $a194309 040 $aSeMil$bita 100 1 $aMontrasio, Attilio.$0(OLS)http://semarc/name/76447 245 13$aLe basiliche preambrosiane ; I sepolcri dei SS. Vittore e Satiro /$cAttilio Montrasio. 260 $aMilano :$bArti grafiche Gadda, Panigatti, Tonani,$c1940. 300 $a102 p. ;$c25 cm. 650 04$aVittore : il Moro - Sepoltura.$0(OLS)http://semarc/subject/55291 650 4$aSatiro - Sepoltura.$0(OLS)http://semarc/subject/4503 650 4$aArchitettura paleocristiana - Milano.$0(OLS)http://semarc/subject/31481 650 4$aMilano - Storia religiosa.$0(OLS)http://semarc/subject/3862 850 $aSeMil 852 $aSeMil$W1$xVenegono$y1$m3P IV 143$j165856$B165856$CSeMilBibl$Z2$F176816 $81 996 $6245$aLe basiliche preambrosiane ; I sepolcri dei SS. Vittore e Satiro$9(OLS)http://semarc/title/310144 996 $6260$aMilano :$bArti grafiche Gadda, Panigatti, Tonani$9(OLS)http://semarc/publisher/52928